000 00569nam a2200205Ia 4500
003 OSt
005 20220822125722.0
008 220822b |||||||| |||| 00| 0 eng d
020 _a1557860718
040 _cIFMLibrary
082 _a332. 4
100 _aCowen,Tyler
_97964
245 _aExplorations in the New Monetary Economics
260 _aBlackwell:
_bUSA.
_c1994
300 _aviii, 200p.: ill.; 24cm
500 _aIncludes bibliographical References and Index
650 _aMonetary policy
_97965
700 _aKroszner, Randall.
_97966
942 _cBK
_2ddc
_n0
999 _c8162
_d8162